000 00793nam a22002537a 4500
005 20240530110956.0
008 220214s1999 ua g 000 0 ara d
020 _a9770161861
040 _aEG-CaGPL
_cEG-CaGPL
082 0 4 _221
_a920.71 /
_bا ا
100 0 _aامين يوسف غراب
245 1 2 _aالابواب المغلقة /
_cامين يوسف غراب
250 _aط. 1
260 _aالقاهرة :
_bالهيئة المصرية العامة للكتاب،
_c1999
300 _a275 ص. ؛
_c24 سم.
490 _aمكتبة الاسرة
_v( 99 )
650 0 7 _2qrmak
_aالتراجم
650 0 7 _2qrmak
_aامين يوسف غراب
650 0 7 _2qrmak
650 0 7 _2qrmak
651 _2qrmak
942 _2ddc
_cBK
999 _c67090
_d67090